000 00537nam a22002057a 4500
003 OSt
005 20140310182928.0
008 130130t xxu||||| |||| 00| 0 eng d
020 _a9712330583
050 _aPL 6061
_b.R896 2001
082 _aFIL 899.21109
_bR896 2001
245 _aPanitikan sa Pilipinas
_cRubin, Ligaya Tiamson
260 _aManila :
_bRex Book Store,
_c c2001.
300 _a371 ;
_c22 cm.
521 _acollege students
526 _c1210L-1700L
541 _j1
562 _e1
942 _2lcc
_cBK
_kFIL
999 _c17466
_d17466